000 00309nam a22001337a 4500
008 181204b xxu||||| |||| 00| 0 eng d
020 _a9780060425531
041 _aeng
080 _a820
100 _a21
101 _aGJL
245 _aLiterature and Interpretive Techniques
_cGuerin,W.L
942 _2udc
_cBK
999 _c52827
_d52827